| АИС "Историко-культурное наследие Беларуси" | ||
| Базовый | Расширенный | Профессиональный | Словарь персоналий | Тематический словарь | По видам объектов | История запросов Заказы | Регистрация | |
Запись в MARC-формате
| копировать MARC-запись |
=LDR 00000nx\\c2200241\\\45\\
=001 BY-NLB-ar5346338
=005 20160330095636.8
=100 \\$a20121018arusy50\\\\\\ca0
=152 \\$apsbo
=160 \\$ae-bw
=215 \\$aКостел Наисвятейшей Троицы (Росица, деревня; Верхнедвинский район)
=300 1\$aПамятник архитектуры неороманского стиля. Построен в 1906 г. на месте деревянного храма 1778 г. Отреставрирован в 1988 г.
=356 \\$aНаходится в центре д. Росица Верхнедвинского района Витебской области.
=415 \\$aКостел Святой Троицы (Росица, деревня; Верхнедвинский район)
=415 \\$aРосицкий костел
=415 \\$aТроицкий костел (Росица, деревня; Верхнедвинский район)
=515 \\$5w$3BY-NLB-ar5346268$aКасцёл Найсвяцейшай Тройцы (Росіца, вёска; Верхнядзвінскі раён)
=801 \0$aBY$bBY-HM0000$c20121018
=810 \\$aТуристская энциклопедия Беларуси. — Минск, 2007.
=810 \\$aКаталіцкія храмы Беларусі / А. М. Кулагін. — Мінск, 2008.
=810 \\$aКаталіцкія храмы на Беларусі : энцыклапедычны даведнік / А. М. Кулагін. — Мінск, 2000.
=999 \\$f2786 NLB-NDARD$t20121018
=999 \\$h1848 NLB-NDARD$t20121020
Чтобы вернуться назад, щелкните кнопку BACK на Вашем браузере